Кислотно-основные свойства азометинов карбазольного ряда в N,N-диметил формамиде; Кислотно-основные равновесия и сальватация в неводных средах

Podrobná bibliografie
Parent link:Кислотно-основные равновесия и сальватация в неводных средах.— 1987.— С. 23
Hlavní autor: Бондалетов В. Г. Владимир Григорьевич
Další autoři: Бочкарев В. В. Валерий Владимирович
Shrnutí:В фонде НТБ ТПУ отсутствует
Jazyk:ruština
Vydáno: 1987
Témata:
Médium: MixedMaterials Kapitola
KOHA link:https://koha.lib.tpu.ru/cgi-bin/koha/opac-detail.pl?biblionumber=594147

MARC

LEADER 00000naa0a2200000 4500
001 594147
005 20250131140033.0
035 |a (RuTPU)RU\TPU\tpu\8533 
035 |a RU\TPU\tpu\8532 
090 |a 594147 
100 |a 20020513d1987 k y0rusy50 ca 
101 0 |a rus 
102 |a RU 
200 1 |a Кислотно-основные свойства азометинов карбазольного ряда в N,N-диметил формамиде  |f В. Г. Бондалетов, В. В. Бочкарев 
333 |a В фонде НТБ ТПУ отсутствует 
463 |t Кислотно-основные равновесия и сальватация в неводных средах  |o всесоюзная научная конференция (Харьков, 2-4 июня 1987)  |v С. 23  |d 1987 
610 1 |a труды учёных ТПУ 
700 1 |a Бондалетов  |b В. Г.  |c химик-технолог  |c профессор Томского политехнического университета, доктор технических наук  |f 1957-  |g Владимир Григорьевич  |3 (RuTPU)RU\TPU\pers\25605  |9 11534 
701 1 |a Бочкарев  |b В. В.  |c химик-технолог  |c доцент Томского политехнического университета, кандидат химических наук  |f 1948-  |g Валерий Владимирович  |3 (RuTPU)RU\TPU\pers\25606 
801 2 |a RU  |b 63413507  |c 20160614  |g PSBO 
942 |c BK